000 00671nam a2200265Ia 4500
003 OSt
005 20221006144330.0
006 a|||||r|||| 00| 0
007 ta
008 221006b |||||||| |||| 00| 0 eng d
020 _c60.00 (each)
024 _a11,433
037 _cTextual
040 _aEASL
_cEASL
_beng
041 _2eng
_aeng
082 _aU8.41.N78, L9
100 _aVEPA Ram K.
245 0 _aMaos China
_b Nation transition
260 _aNew Delhi
_bAbhinav Pub. India
_c1979
300 _a219p.
_ccm.
490 _v CEL
650 _aCEL
942 _hU8.41.N78, L9
_cTEXL
_2CC
999 _c1079519
_d1079519